Lieux où se déroulent ces films - Statistiques

Statistiques générales
  • Ce quiz a été pris 82 fois
    77 depuis la dernière actualisation
  • Le résultat moyen est 16 sur 30
Statistiques - réponses
Hint Réponse % Correct
Astérix et Obélix : Mission Cléopâtre Egypte
90%
Gladiator Rome
86%
Star Wars Il y a bien longtemps, dans une galaxie lointaine, très lointaine....
85%
Taxi Marseille
85%
Seul sur Mars Mars
83%
Slumdog Milionnaire Inde
75%
Le Fabuleux destin d'Amélie Poulain Montmartre
75%
Titanic Océan Atlantique
73%
Le Diner de Cons Un Appartement
73%
Avatar Pandora
71%
La Liste de Schindler Cracovie
68%
l faut sauver le soldat Ryan Normandie
64%
Pulp Fiction Los Angeles
58%
Shining Hôtel Overlook
56%
Forrest Gump Alabama
53%
Lost in Translation Tokyo
47%
Psychose Bates Motel
42%
Jurassic Park Isla Nublar
42%
Les évadés Shawshank
41%
Millénium : Les Hommes qui n'aimaient pas les femmes Suède
41%
The Truman Show Seahaven
39%
Misery Dans une maison isolé
34%
V pour Vendetta Londres
32%
Ghost New York
32%
Mad Max Australie
31%
Les Dieux sont tombés sur la tête Désert du Kalahari
29%
The Thing Antarctique
27%
Apocalyto Mésoamérique
25%
Coyoye Girls Dans un Bar
24%
La Ligne Verte Cold Moutain
15%
Aucun quiz correspondant
Distribution des résultats
% des personnes avec chaque résultat
Percentile par nombre de réponses
Votre historique - résultats
Vous n’avez pas pris ce quiz depuis la dernière actualisation